000 00405pab a2200145 454500
008 180718b1991 xxu||||| |||| 00| 0 eng d
100 _aSharma, K.C.
245 _aDepreciation restriction
_bRevenus potential and impact on corporate sector
260 _c1991
300 _a1749-55
362 _a20 Jul.
650 _aTax Exemption - Industry
773 _aEconomic and Political Weekly
909 _a18972
999 _c18972
_d18972